LIBRARY & INFORMATION CENTRE, KCAET, TAVANUR

ONLINE PUBLIC ACCESS CATALOGUE (OPAC)

Recent advances in the chemistry of insect control / (Record no. 6733)

MARC details
000 -LEADER
fixed length control field 00439cam a2200169ua 4500
041 ## - LANGUAGE CODE
Language code of text/sound track or separate title eng
082 ## - DEWEY DECIMAL CLASSIFICATION NUMBER
Classification number 632.951
Item number JAN/RE
100 ## - MAIN ENTRY--AUTHOR NAME
Personal name Janes, N F .
245 ## - TITLE STATEMENT
Title Recent advances in the chemistry of insect control /
250 ## - EDITION STATEMENT
Edition statement 1 /
260 ## - PUBLICATION, DISTRIBUTION, ETC. (IMPRINT)
Place of publication London :
Name of publisher Royal society of chemistry ,
Year of publication 1985.
300 ## - PHYSICAL DESCRIPTION
Number of Pages 322 ; .
500 ## - GENERAL NOTE
General note 19462 Ref
942 ## - ADDED ENTRY ELEMENTS (KOHA)
Koha item type Books
Holdings
Withdrawn status Lost status Damaged status Home library Current library Date acquired Full call number Accession Number Koha item type
      KAUAET   07/04/2012 632.951 19462 Books
free website counter